LEADER 01808nas 2200481-a 450 001 996204912603316 005 20240413013420.0 035 $a(CKB)1000000000278477 035 $a(CONSER)cn-95300843- 035 $a(EXLCZ)991000000000278477 100 $a19950328a19959999 --- b 101 0 $afre 200 00$aActualités histoire Québec $ebulletin d'information de la Fédération des sociétés d'histoire du Québec 210 $aMontréal $cLa Fédération$d1995- 215 $a1 online resource 300 $aTitre de départ. 311 $aPrint version: Actualités histoire Québec : (DLC)cn 95300843 (OCoLC)1082211505 1201-4702 531 0 $aActual. hist. Qué. 606 $aGenealogy$xSocieties, etc$2fast$3(OCoLC)fst00939683 606 $aSocieties$2fast$3(OCoLC)fst01123785 606 $aHistoire locale$2rasuqam 606 $aSociété historique$2rasuqam 607 $aQuébec (Province)$xHistory, Local$xSocieties, etc$vPeriodicals 607 $aQuébec (Province)$xGenealogy$xSocieties, etc$vPeriodicals 607 $aQuébec (Province)$xHistoire locale$xSociétés, etc$vPériodiques 607 $aQuébec (Province)$xGénéalogies$xAssociations$vPériodiques 607 $aQuébec$2fast 607 $aQuébec (Province)$2rasuqam 608 $aLocal history.$2fast 608 $aPeriodicals.$2fast 608 $aTableaux généalogiques.$2rvmgf 615 7$aGenealogy$xSocieties, etc. 615 7$aSocieties. 615 7$aHistoire locale. 615 7$aSociété historique. 676 $a971.4/006 686 $acci1icc$2lacc 712 02$aFédération des sociétés d'histoire du Québec. 906 $aJOURNAL 912 $a996204912603316 920 $aexl_impl conversion 996 $aActualités histoire Québec$92301833 997 $aUNISA